[Event "Frankfurt-ch"]
[Site "Frankfurt"]
[Date "2005.05.30"]
[Round "5"]
[White "Mahnke, Ralf"]
[Black "Bruecken, Siegfried"]
[Result "1-0"]
[WhiteElo "1702"]
[BlackElo "1576"]
[PlyCount "73"]
[EventDate "2005.04.25"]
[EventType "swiss"]
[EventRounds "7"]
[EventCountry "GER"]
[SourceTitle "EXT 2006"]
[Source "ChessBase"]
[SourceDate "2005.11.24"]
[SourceVersion "1"]
[SourceVersionDate "2005.11.24"]
[SourceQuality "1"]

1. d4 c5 2. d5 Nf6 3. c4 g6 4. Nc3 Bg7 5. e4 d6 6. Be2 0-0 7. Nf3 e6 8. 0-0 exd5 9. cxd5 Re8 10. Nd2 a6 11. a4 h5 12. f3 Nh7 13. Nc4 Qh4 14. Qe1 Qe7 15. Bf4 Rd8 16. Qg3 Bf8 17. h3 h4 18. Qe1 g5 19. Bh2 Bg7 20. Kh1 Nf6 21. Qd2 Ne8 22. Nb6 Ra7 23. Nxc8 Rxc8 24. f4 Bxc3 25. bxc3 Nf6 26. e5 dxe5 27. fxe5 Nh7 28. Bc4 Rf8 29. Qe3 Nd7 30. d6 Qe8 31. Rae1 Kg7 32. Bd3 Qd8 33. Qe4 Rh8 34. Qf5 Qe8 35. e6 fxe6 36. Rxe6 Qh5 37. Re7+ 1-0

[Event "Frankfurt-ch"]
[Site "Frankfurt"]
[Date "2005.05.02"]
[Round "2"]
[White "Schalow, Daniel"]
[Black "Mahnke, Ralf"]
[Result "1-0"]
[WhiteElo "2032"]
[BlackElo "1702"]
[PlyCount "103"]
[EventDate "2005.04.25"]
[EventType "swiss"]
[EventRounds "7"]
[EventCountry "GER"]
[SourceTitle "EXT 2006"]
[Source "ChessBase"]
[SourceDate "2005.11.24"]
[SourceVersion "1"]
[SourceVersionDate "2005.11.24"]
[SourceQuality "1"]

1. d4 Nf6 2. c4 e6 3. Bg5 d5 4. e3 Nbd7 5. Nf3 c6 6. Nc3 Qa5 7. Bxf6 Nxf6 8. Qb3 Ne4 9. Bd3 Nxc3 10. bxc3 dxc4 11. Bxc4 Be7 12. 0-0 0-0 13. Ne5 Qa3 14. f4 Qxb3 15. axb3 a6 16. b4 Rb8 17. g4 f6 18. Nd3 Kh8 19. h3 Re8 20. e4 f5 21. exf5 exf5 22. Ne5 g6 23. g5 Kg7 24. h4 Bd6 25. Kg2 Be6 26. Bxe6 Rxe6 27. Kf3 Re7 28. Rh1 Rd8 29. Rad1 Bc7 30. Rhe1 Rde8 31. Ke3 b6 32. Ra1 a5 33. bxa5 bxa5 34. Reb1 c5 35. Rb7 cxd4+ 36. cxd4 Ra8 37. Kd3 Bd6 38. Rxe7+ Bxe7 39. Ra4 Bb4 40. d5 Kf8 41. Kc4 Ke8 42. Nc6 Bd2 43. Kb5 Kd7 44. Ne5+ Ke7 45. d6+ Kd8 46. Kc6 Rc8+ 47. Kd5 Rc1 48. Ke6 Re1 49. Rc4 Bxf4 50. Rxf4 Re4 51. Rxe4 fxe4 52. Nf7+ 1-0

[Event "Frankfurt-ch"]
[Site "Frankfurt"]
[Date "2005.04.25"]
[Round "1"]
[White "Mahnke, Ralf"]
[Black "Diekmann, Hans Joachim"]
[Result "1/2-1/2"]
[WhiteElo "1702"]
[BlackElo "2110"]
[PlyCount "69"]
[EventDate "2005.04.25"]
[EventType "swiss"]
[EventRounds "7"]
[EventCountry "GER"]
[SourceTitle "EXT 2006"]
[Source "ChessBase"]
[SourceDate "2005.11.24"]
[SourceVersion "1"]
[SourceVersionDate "2005.11.24"]
[SourceQuality "1"]

1. d4 Nf6 2. c4 g6 3. Nc3 d5 4. cxd5 Nxd5 5. e4 Nxc3 6. bxc3 Bg7 7. Bc4 c5 8. Ne2 0-0 9. 0-0 Nd7 10. Be3 Qa5 11. Qd2 Rd8 12. Rfd1 Ne5 13. Bb3 Bg4 14. Kf1 cxd4 15. cxd4 Bxe2+ 16. Qxe2 Nc6 17. Qc4 e6 18. Rac1 Qh5 19. h3 Na5 20. Qc5 Qxc5 21. Rxc5 Nxb3 22. axb3 Rd7 23. d5 Rad8 24. Rdc1 b6 25. dxe6 fxe6 26. Rc8 Rxc8 27. Rxc8+ Kf7 28. Ke2 Be5 29. b4 Kf6 30. b5 Bd4 31. Rc4 Ke5 32. f3 h5 33. Ra4 Bc3 34. Rc4 Bb2 35. f4+ 1/2-1/2